000 01072nam a2200325 c 4500
003 BLK
005 20190913121244.0
008 180911b bul|||||r ||||||| ||bul||
010 _a003243
040 _aBLK
041 _aDEU
080 _z830-1
100 1 _a
_eпърви автор
245 1 0 _aHELIAND
246 _bHELIAND
_pлирика-народни песни
260 _aLeipzig
_bPhilipp Reclam
_cs.a
300 _a203, 32 с
_c14 см
380 _a82
490 _aUniv.-Bibl.
490 _aЧастна колекция - Академик Михаил Арнаудов
_gДарение - Основен фонд
520 _aМихаил Арнаудов: подпис
520 _aМихаил Арнаудов: негови-книга
520 _aДатиране на книгата : 2. IХ. 98.
653 _9
_aлирика
653 _9
_aнародни песни
655 _aнемска литература
700 1 _aNach dem Altsachsischen von Paul Herrmann
852 _aМА 840
942 _cKNG
_n0
944 _aCR
_c1996
_kValK
999 _c343582
_d343582